Countries More Developed than the United States - Sudden Death - Statistics

General Stats
  • This quiz has been taken 222 times
    25 since last reset
  • The average score is 13 of 15
Answers on the Grid
Answers color-coded by a green-red scale on the quiz's grid according to % correct below.
Australia
Belgium
Canada
Chile
China
Denmark
Finland
France
Germany
Greece
Hungary
Iceland
Ireland
Israel
Italy
Lithuania
Netherlands
Norway
Poland
Saudi Arabia
Singapore
Sweden
Switzerland
United Arab Emirates
United Kingdom
 
Answer Stats
Answer % Correct
Australia
100%
Canada
94%
Denmark
94%
Ireland
94%
Norway
94%
Singapore
94%
Sweden
94%
Switzerland
94%
Finland
88%
Germany
88%
Iceland
88%
Netherlands
88%
Belgium
75%
United Kingdom
69%
United Arab Emirates
44%
No matching quizzes found
Score Distribution
Percent of People with Each Score
Percentile by Number Answered
Your Score History
You have not taken this quiz since the last reset